000 00838cab a2200253 4500
001 ABS57317
008 090401t1997 xxu||||| |||| 00| 0 eng d
035 _a(Sirsi) u79729
041 _aeng
100 _aTaylor, P.
245 _aTenants take a long shot to trigger reviews
260 _c1997
350 _a0
490 _aProperty Week
_v60(2) 11 July 1997, 23(1)
520 _aIllustrates through case law how difficult it is for a tenant to challenge a lease that says only the landlord can trigger a rent review, but shows when and how it is possible.
650 _aADDIN V SOS ENVIRONMENT
650 _aBUSINESS LEASES
650 _aOVER-RENTED PROPERTY
650 _aRENT REVIEWS
650 _aSTANDARD LIFE ASSURANCE V UNIPATH
690 _aLANDLORD AND TENANT-RENT REVIEWS
942 _n0
948 _c18/07/1997
999 _c50156
_d50156